书目信息 |
| 题名: |
新日本语能力测试备战考场
|
|
| 作者: | 李捷 , 唐晓煜 主编 | |
| 分册: | N1文字词汇篇 | |
| 出版信息: | 大连 大连理工大学出版社 2014 |
|
| 页数: | 189页 | |
| 开本: | 24cm | |
| 丛书名: | ||
| 单 册: | ||
| 中图分类: | H360.41 , H363.1 | |
| 科图分类: | ||
| 主题词: | 日语--Ri Yu--水平考试--自学参考资料 , 日语--ri yu--词汇--水平考试--自学参考资料 | |
| 电子资源: | ||
| ISBN: | 978-7-5611-8000-6 | |
| 000 | 01105nam 2200289 450 | |
| 001 | 340159 | |
| 005 | 20150625110938.14 | |
| 010 | @a978-7-5611-8000-6@dCNY28.00 | |
| 100 | @a20140428d2014 em y0chiy50 ea | |
| 101 | 0 | @achi@ajpn |
| 102 | @aCN@b210000 | |
| 105 | @ak z 000yy | |
| 106 | @ar | |
| 200 | 1 | @a新日本语能力测试备战考场@Axin ri ben yu neng li ce shi bei zhan kao chang@iN1文字词汇篇@f李捷, 唐晓煜主编 |
| 210 | @a大连@c大连理工大学出版社@d2014 | |
| 215 | @a189页@d24cm | |
| 330 | @a新日本语能力测试分为词汇、语法、读解、听解四大板块。本书为新日本语能力测试N1文字词汇复习参考资料, 按照日语单词的音读、训读、语义分类, 将考点分类归纳, 采用知识点和习题相结合的方式, 考生可以边学习边检测。 | |
| 333 | @a适用于日语学习爱好者及相关读者。 | |
| 517 | 1 | @aN1文字词汇篇@AN1 Wen Zi Ci Hui Pian |
| 606 | 0 | @a日语@ARi Yu@x水平考试@j自学参考资料 |
| 606 | 0 | @a日语@Ari yu@x词汇@x水平考试@j自学参考资料 |
| 690 | @aH360.41@v5 | |
| 690 | @aH363.1@v5 | |
| 701 | 0 | @a李捷@Ali jie@4主编 |
| 701 | 0 | @a唐晓煜@Atang xiao yu@4主编 |
| 801 | 0 | @aCN@b卓展宏图@c20150525 |
| 905 | @dH360.41@e529@f4 | |
| 新日本语能力测试备战考场.N1文字词汇篇/李捷, 唐晓煜主编.-大连:大连理工大学出版社,2014 |
| 189页;24cm |
| 使用对象:适用于日语学习爱好者及相关读者。 |
| ISBN 978-7-5611-8000-6:CNY28.00 |
| 新日本语能力测试分为词汇、语法、读解、听解四大板块。本书为新日本语能力测试N1文字词汇复习参考资料, 按照日语单词的音读、训读、语义分类, 将考点分类归纳, 采用知识点和习题相结合的方式, 考生可以边学习边检测。 |
| ● |
| 相关链接 |
|
|
|
|
正题名:新日本语能力测试备战考场
索取号:H360.41/529
 
预约/预借
| 序号 | 登录号 | 条形码 | 馆藏地/架位号 | 状态 | 备注 |
| 1 | 864559 | 208645590 | 第二样本阅览室/ [索取号:H360.41/529] | 在馆 | |
| 2 | 864560 | 208645607 | 第四借阅区/ [索取号:H360.41/529] | 在馆 | |
| 3 | 864561 | 208645616 | 第四借阅区/ [索取号:H360.41/529] | 在馆 | |
| 4 | 864562 | 208645625 | 第四借阅区/ [索取号:H360.41/529] | 在馆 |